| 000 | 00958nam a2200241Ia 4500 | ||
|---|---|---|---|
| 003 | GCL | ||
| 005 | 20240530105430.0 | ||
| 008 | 140319s1991 ua b 000 0 ara d | ||
| 040 |
_aGCL / _cGCL |
||
| 082 | 0 | 4 |
_a361/ _bأ خ |
| 100 | 0 | _aالسيد عبدالحميد عطية | |
| 245 | 1 | 2 |
_aالخدمة الاجتماعية ومجالاتها التطبيقية / _cالسيد عبدالحميد عطية، هناء حافظ بدوى |
| 260 |
_aالاسكندرية : _bالمكتب الجامعى الحديث ، _c1991 |
||
| 300 |
_a345 ص. ؛ _e24 سم. |
||
| 504 | _aيشتمل على ارجاعات ببليوجرافية | ||
| 650 | 0 | 7 |
_2qrmak _aتنظيم المجتمع |
| 650 | 0 | 7 |
_2qrmak _aخدمة الفرد |
| 650 | 0 | 7 |
_2qrmak _aالخدمة الاجتماعية |
| 650 | 0 | 7 |
_2qrmak _aالاجتماع، علم |
| 650 | 0 | 7 |
_2qrmak _aخدمة الجماعة |
| 700 | 0 |
_aهناء حافظ بدوى _eمؤلف مشارك |
|
| 942 |
_2ddc _cBK |
||
| 999 |
_c55991 _d55991 |
||